Loading...
Veetu vittu pokunnu
| Hovedforfatter: | |
|---|---|
| Format: | Printed Book |
| Udgivet: |
Kottayam, D C Books
1994
|
| Fag: |
| LEADER | 005440000a22001930004500 | ||
|---|---|---|---|
| 020 | |a 81-7130-344-7 | ||
| 022 | |a 29-07-2004 | ||
| 041 | |a Malayalam | ||
| 082 | |a A301 ASH/V N4 | ||
| 100 | |a Ashtamoorthy | ||
| 245 | |a Veetu vittu pokunnu | ||
| 260 | |a Kottayam, D C Books | ||
| 260 | |c 1994 | ||
| 465 | |a R 22 | ||
| 650 | |a Malayalam literature | ||
| 650 | |a Short stories | ||
| 942 | |c BK | ||
| 999 | |c 147080 |d 147076 | ||
| 952 | |0 0 |1 0 |4 0 |6 A_301_000000000000000_ASH_V_N4 |7 0 |9 145847 |a SCC |b SCC |d 2017-10-11 |l 0 |o A301 ASH/V N4 |p SCC07894 |r 2017-10-11 |w 2017-10-11 |y BK | ||